| 000 | 008160000a22001090004500 | ||
|---|---|---|---|
| 100 | 1 | _aPixley, Jorge | |
| 245 | 1 | 0 | _aDe la alianza rota (Sinaí) a la alianza nueva y eterna (Jeremías 21-24 y 26-29) |
| 300 | _aNum. 35-36 (2000), Páginas 97-102 | ||
| 520 | _aComo parte del estudio de Jeremías, esta sección analiza los caps. 11-20 y 30-33, mostrando sus correspondencias estructurales y literarias (como manera de comprender la composición del libro) y sobre todo el juego continuo de pasar de oráculos de castigo a promesas de salvación. Los anuncios salvíficos se concentran en los temas de la vuelta de la diáspora y de la institución de una “nueva alianza”. El artículo busca mostrar cómo se textualiza este querigma. | ||
| 773 | 0 | _tRevista de Interpretación Bíblica Latinoamericana | |
| 942 | _cANA | ||
| 999 |
_c52527 _d52527 |
||